Политические партии в политической системе Российской суперпрезидентской республики; Вып. 9: Сборник материалов IX Международной конференции молодых ученых "Актуальные проблемы социальных наук", 21-22 апреля 2007 г., Томск

Bibliografische gegevens
Parent link:Вып. 9: Сборник материалов IX Международной конференции молодых ученых "Актуальные проблемы социальных наук", 21-22 апреля 2007 г., Томск.— 2008.— с. 243-249
Hoofdauteur: Ахмедов И. Д.
Taal:Russisch
Gepubliceerd in: 2008
Formaat: MixedMaterials Hoofdstuk
KOHA link:https://koha.lib.tpu.ru/cgi-bin/koha/opac-detail.pl?biblionumber=261620

MARC

LEADER 00000naa2a2200000 4500
001 261620
005 20231031221705.0
035 |a (RuTPU)RU\TPU\book\284601 
035 |a RU\TPU\book\284599 
090 |a 261620 
100 |a 20140526d2008 k y0rusy50 ca 
101 0 |a rus 
102 |a RU 
200 1 |a Политические партии в политической системе Российской суперпрезидентской республики  |f И. Д. Ахмедов 
320 |a Библиогр.: с. 248-249 (10 назв.) 
463 0 |0 (RuTPU)RU\TPU\book\268418  |y 5-94621-248-6  |t Вып. 9: Сборник материалов IX Международной конференции молодых ученых "Актуальные проблемы социальных наук", 21-22 апреля 2007 г., Томск  |v с. 243-249  |d 2008  |p 391 с. 
700 1 |a Ахмедов  |b И. Д. 
801 1 |a RU  |b 63413507  |c 20140414 
801 2 |a RU  |b 63413507  |c 20140526  |g RCR 
942 |c BK